000 00376nam a2200169Ia 4500
008 110201s9999 xx 000 0 und d
082 _bB3973
_aE 72
100 _aBOLAN MACK
245 _aTROPIC HEAT
260 _bA GOLD EAGLE BOOK
365 _b0
600 _aBOLAN MACK
630 _aTROPIC HEAT
700 _aBOLAN MACK
730 _aTROPIC HEAT
942 _cBOOK
999 _c830498
_d830495